| 000 | 00476 a2200145 4500 | ||
|---|---|---|---|
| 001 | 89161 | ||
| 082 | _a355.0092 AZA | ||
| 090 |
_c42111 _d42111 |
||
| 100 | _aAzam Qadri Col (R) | ||
| 245 |
_aWhat more can a soldier desire? Maj Shabir Sharief, NH and SJ _bA story about Pakistan's highest decorated Officer |
||
| 260 |
_aRawalpindi _bMoving fingers _c2011 |
||
| 300 | _axviii, 224 p. | ||
| 650 | _amilitary Officer biography | ||
| 740 | _aShabir Sharief (NH and SJ), Maj | ||
| 942 |
_aCAE NUST _k355.0092 AZA |
||
| 999 |
_c324234 _d324234 |
||